Making waves (Record no. 221446)
[ view plain ]
| 000 -LEADER | |
|---|---|
| fixed length control field | 01106nam a22002297a 4500 |
| 005 - DATE AND TIME OF LATEST TRANSACTION | |
| control field | 20220208102437.0 |
| 008 - FIXED-LENGTH DATA ELEMENTS--GENERAL INFORMATION | |
| fixed length control field | 220208b ||||| |||| 00| 0 eng d |
| 020 ## - INTERNATIONAL STANDARD BOOK NUMBER | |
| International Standard Book Number | 0374200386 |
| 040 ## - CATALOGING SOURCE | |
| Transcribing agency | AL |
| 041 ## - LANGUAGE CODE | |
| Language code of text/sound track or separate title | English |
| 082 ## - DEWEY DECIMAL CLASSIFICATION NUMBER | |
| Edition number | 23 |
| Classification number | 864 |
| Item number | LLOM |
| 100 ## - MAIN ENTRY--PERSONAL NAME | |
| Personal name | Mario Vargas Llosa |
| 100 ## - MAIN ENTRY--PERSONAL NAME | |
| 9 (RLIN) | 17549 |
| 245 ## - TITLE STATEMENT | |
| Title | Making waves |
| 260 ## - PUBLICATION, DISTRIBUTION, ETC. | |
| Place of publication, distribution, etc. | New York |
| Name of publisher, distributor, etc. | Farrar, Straus and Giroux |
| Date of publication, distribution, etc. | 1997 |
| 300 ## - PHYSICAL DESCRIPTION | |
| Extent | xxi,338 p. |
| Other physical details | HB |
| Dimensions | 23.5x15.5 cm. |
| 520 ## - SUMMARY, ETC. | |
| Summary, etc. | Translations of 46 short articles comprising a collection of Vargas Llosa's writings from early 1960s-93, chosen for their diversity of topics. Presented in chronological order with some grouped thematically; political and literary development stressed. Locating foreword, index. Excellent translations. Compelling selection, with most recent pieces from DesafĂos a la libertad (see HLAS 56:3742)"--Handbook of Latin American Studies, v. 58. |
| 650 ## - SUBJECT ADDED ENTRY--TOPICAL TERM | |
| Topical term or geographic name entry element | Peruvian essays -- 20th century -- Translations into English |
| 9 (RLIN) | 17550 |
| 650 ## - SUBJECT ADDED ENTRY--TOPICAL TERM | |
| Topical term or geographic name entry element | Peruvian essays. |
| 9 (RLIN) | 17551 |
| 700 ## - ADDED ENTRY--PERSONAL NAME | |
| Personal name | LLOSA (Mario Vargas ) |
| 9 (RLIN) | 17552 |
| 700 ## - ADDED ENTRY--PERSONAL NAME | |
| Personal name | KING (John) Ed |
| 9 (RLIN) | 17553 |
| 942 ## - ADDED ENTRY ELEMENTS (KOHA) | |
| Source of classification or shelving scheme | Dewey Decimal Classification |
| Koha item type | George Fernandes Collections |
| Withdrawn status | Lost status | Source of classification or shelving scheme | Damaged status | Not for loan | Collection code | Home library | Current library | Date acquired | Total Checkouts | Full call number | Barcode | Date last seen | Price effective from | Koha item type |
|---|---|---|---|---|---|---|---|---|---|---|---|---|---|---|
| Dewey Decimal Classification | English | St Aloysius Library | St Aloysius Library | 03/23/2013 | 864 LLOM | GF02218 | 02/08/2022 | 02/08/2022 | George Fernandes Collections |